Evaluación de fungicidas para el control del requemo (Phoma sp.) en el cultivo de café (Coffea arabica L.) en el triunfo, Escuintla, Chiapas/ (Record no. 220685)
[ view plain ]
| 000 -CABECERA | |
|---|---|
| campo de control de longitud fija | 02860nam a2200349 a 4500 |
| 003 - IDENTIFICADOR DEL NÚMERO DE CONTROL | |
| campo de control | OSt |
| 005 - FECHA Y HORA DE LA ÚLTIMA TRANSACCIÓN | |
| campo de control | 20250708142849.0 |
| 007 - CAMPO FIJO DE DESCRIPCIÓN FÍSICA--INFORMACIÓN GENERAL | |
| campo de control de longitud fija | cr ||||||a|a|a |
| 008 - DATOS DE LONGITUD FIJA--INFORMACIÓN GENERAL | |
| campo de control de longitud fija | 250624s2025 mx a|||fom||| 001 0 spa d |
| 040 ## - FUENTE DE LA CATALOGACIÓN | |
| Normas de descripción | rda |
| 100 1# - ENTRADA PRINCIPAL--NOMBRE DE PERSONA | |
| Nombre de persona | Roblero López, Miguel Angel |
| 9 (RLIN) | 190512 |
| 245 10 - MENCIÓN DE TÍTULO | |
| Título | Evaluación de fungicidas para el control del requemo (Phoma sp.) en el cultivo de café (Coffea arabica L.) en el triunfo, Escuintla, Chiapas/ |
| Mención de responsabilidad, etc. | por Miguel Angel Roblero López; director de tesis Santos Gerardo Leyva Mir; secretario Moises Camacho Tapia; vocal Isabel Nativitas Lima; suplente Candelario Santillan Ortega; suplente Calixto Leopoldo Carrillo Fonseca. |
| 264 #1 - PRODUCCIÓN, PUBLICACIÓN, DISTRIBUCIÓN, FABRICACIÓN Y COPYRIGHT | |
| Producción, publicación, distribución, fabricación y copyright | Chapingo, México : |
| Nombre del de productor, editor, distribuidor, fabricante | El autor, |
| Fecha de producción, publicación, distribución, fabricación o copyright | 2024. |
| 300 ## - DESCRIPCIÓN FÍSICA | |
| Extensión | 1 recurso en línea (69 páginas): |
| Otras características físicas | cuadros, figuras. |
| 336 ## - TIPO DE CONTENIDO | |
| Fuente | rdacontent |
| Término de tipo de contenido | texto |
| Código de tipo de contenido | txt |
| 337 ## - TIPO DE MEDIO | |
| Fuente | rdamedia |
| Nombre/término del tipo de medio | computadora |
| Código del tipo de medio | c |
| 338 ## - TIPO DE SOPORTE | |
| Fuente | rdacarrier |
| Nombre/término del tipo de soporte | recurso en línea |
| Código del tipo de soporte | cr |
| 502 ## - NOTA DE TESIS | |
| Tipo de título | Ingeniero Agrónomo Especialista en Parasitología Agrícola |
| Nombre de la institución que otorga el título | Departamento de Enseñanza, Investigación y Servicio en Parasitología Agrícola, |
| Año de obtención del título | 2024. |
| Información miscelánea | Licenciatura |
| 504 ## - NOTA DE BIBLIOGRAFÍA, ETC. | |
| Nota de bibliografía, etc. | Incluye referencias bibliográficas: páginas 60-61. |
| 520 ## - SUMARIO, ETC. | |
| Sumario, etc. | El café (Coffea arabica) en países como México cuenta con una muy buena calidad de taza apreciada por sus consumidores, llegando a tener alta demanda de exportación en los denominados cafés de especialidad. En Chiapas, estado con mayor producción del país se han observado en años recientes plantas con síntomas de requemo en hojas jóvenes. Por tal, el objetivo de la presente investigación fue determinar el agente causal del requemo del café detectado en plantas de predios pertenecientes a El Triunfo, Escuintla. Además de la creación de una escala de severidad para realizar evaluaciones en campo, así como la evaluación de fungicidas para el combate de esta enfermedad en campo. La identificación del patógeno se realizó a través de características como el color y textura de la colonia en medios de PDA, también con pruebas de patogenicidad utilizando los postulados de Koch, resultando en características típicas de Phoma sp. La escala diagramática de severidad consistió en 6 clases (0-5). Los fungicidas con mayor efectividad en el combate contra Phoma sp. fueron Boscalid + Pyraclostrobin (Cabrio C) y Clorotalonil (Daconil). |
| 650 #4 - PUNTO DE ACCESO ADICIONAL DE MATERIA--TÉRMINO DE MATERIA | |
| Término de materia o nombre geográfico como elemento de entrada | Phoma |
| Subdivisión general | Control |
| 9 (RLIN) | 190780 |
| 650 #4 - PUNTO DE ACCESO ADICIONAL DE MATERIA--TÉRMINO DE MATERIA | |
| Término de materia o nombre geográfico como elemento de entrada | Fungicidas |
| Subdivisión general | Análisis |
| 9 (RLIN) | 44045 |
| 650 #4 - PUNTO DE ACCESO ADICIONAL DE MATERIA--TÉRMINO DE MATERIA | |
| Término de materia o nombre geográfico como elemento de entrada | Hongos fitopatógenos |
| Subdivisión general | Control |
| 9 (RLIN) | 129457 |
| 650 #4 - PUNTO DE ACCESO ADICIONAL DE MATERIA--TÉRMINO DE MATERIA | |
| Término de materia o nombre geográfico como elemento de entrada | Café |
| Subdivisión general | Enfermedades por hongos |
| 9 (RLIN) | 17139 |
| 700 1# - PUNTO DE ACCESO ADICIONAL--NOMBRE DE PERSONA | |
| Nombre de persona | Leyva Mir, Santos Gerardo |
| Término indicativo de función/relación | director de tesis. |
| 9 (RLIN) | 66581 |
| 700 1# - PUNTO DE ACCESO ADICIONAL--NOMBRE DE PERSONA | |
| Nombre de persona | Camacho Tapia, Moises |
| 9 (RLIN) | 17710 |
| Término indicativo de función/relación | secretario. |
| 700 1# - PUNTO DE ACCESO ADICIONAL--NOMBRE DE PERSONA | |
| Nombre de persona | Nativitas Lima, Isabel |
| 9 (RLIN) | 129577 |
| Término indicativo de función/relación | vocal. |
| 700 1# - PUNTO DE ACCESO ADICIONAL--NOMBRE DE PERSONA | |
| Nombre de persona | Santillán Ortega, Candelario |
| 9 (RLIN) | 102429 |
| Término indicativo de función/relación | suplente. |
| 700 1# - PUNTO DE ACCESO ADICIONAL--NOMBRE DE PERSONA | |
| Nombre de persona | Carrillo Fonseca, Calixto Leopoldo |
| Término indicativo de función/relación | suplente. |
| 9 (RLIN) | 19482 |
| 856 ## - LOCALIZACIÓN Y ACCESO ELECTRÓNICOS | |
| Identificador Uniforme del Recurso | http://10.13.5.2/tesis/tl/1712264-1_ROBLERO_LOPEZ_MIGUELANGEL.pdf |
| Nota pública | DESCARGAR PDF |
| 942 ## - ELEMENTOS DE PUNTO DE ACCESO ADICIONAL (KOHA) | |
| Fuente del sistema de clasificación o colocación | Clasificación Universidad Autónoma Chapingo |
| Tipo de ítem Koha | Tesis digital |
| Estado de retiro | Estado de pérdida | Fuente del sistema de clasificación o colocación | Estado dañado | Restricciones de uso | No para préstamo | Código de colección | Localización permanente | Ubicación/localización actual | Ubicación en estantería | Fecha de adquisición | Total de préstamos | Signatura topográfica completa | Fecha visto por última vez | Precio válido a partir de | Tipo de ítem Koha |
|---|---|---|---|---|---|---|---|---|---|---|---|---|---|---|---|
| Clasificación Universidad Autónoma de Chapingo | Préstamo interno | Tesis digitales de Licenciatura | Biblioteca Digital | Biblioteca Digital | En línea | 24/06/2025 | Tesis digital | 24/06/2025 | 24/06/2025 | Tesis digital |
